000 00284nam a2200109Ia 4500
008 200302s9999 xx 000 0 und d
100 _aFernando Marquez
245 _aExperimentos Colectivos Collective Experiments
260 _bElcroquis Publishers
260 _c2010
300 _a243 P.,
999 _c2969
_d2969